000 01259nam0a2200349 4500
001 RU\NLR\bibl\39693
005 20260408191358.0
010 _a5-8206-0024-Х
_93000
021 _aRU
_b99-15968
_9773
035 _a(NLR Aleph) 000038703
090 _a200649
_c200649
100 _a19990722d1999 |||y0rusy50 ca
101 0 _arus
102 _aRU
105 _aa z |||||
200 1 _aИспользование MS Excel и VBA в экономике и финансах
_fАндрей Гарнаев
210 _aСПб. и др.
_cBHV
_d1999
215 _aIV,332 с.
_cил.
_d24
225 1 _aИэучаем вместе с BHV
320 _aБиблиогр.: с. 332
606 1 _aMICROSOFT EXCEL, электронные таблицы
_xИспользование в экономике
_92099266
_3RU\NLR\AUTH\661269821
606 _aVBA, язык программирования
_xПрименение в экономике
_3RU\NLR\AUTH\661269822
_92099267
686 1 _aУ.в612
686 1 _aУ26(2)в612
700 1 _aГарнаев
_bА. Ю.
_gАндрей Ю.
_4070
801 0 _aRU
_bNLR
_c19990722
_gPSBO
801 1 _aRU
_bNLR
_c19990722
852 _aNLR
_j99-7/1145
942 _cBOOK
980 _aNB